00000000nam 2200000zi 4500
0019.941715
003CaOODSP
00520250107152004
006m     o  d f      
007cr cn ||||||||
008240809t20242024onca    o    f000 0 eng d
020 |a9780660731087
040 |aCaOODSP|beng|erda|cCaOODSP
043 |an-cn---
0861 |aH144-57/2024E-PDF
24500|aStaying healthy in the heat.
264 1|a[Ottawa] : |bHealth Canada = Santé Canada, |c[2024]
264 4|a©2024
300 |a1 online resource (3 unnumbered pages) : |bcolour illustrations
336 |atext|btxt|2rdacontent
337 |acomputer|bc|2rdamedia
338 |aonline resource|bcr|2rdacarrier
500 |aIssued also in French under title: Demeurez en santé dans la chaleur.
500 |a"Pub.: 240472."
650 0|aHeat exhaustion|zCanada|xPrevention.
650 0|aHeat stroke|zCanada|xPrevention.
7101 |aCanada. |bHealth Canada, |eissuing body.
77508|tDemeurez en santé dans la chaleur.|w(CaOODSP)9.941714
85640|qPDF|s473 KB|uhttps://publications.gc.ca/collections/collection_2025/sc-hc/H144-57-2024-eng.pdf